Large igneous provinces of Asia: mantle plumes and metallogeny (Запись № 3868534)

Подробности
000 -МАРКЕР
контрольное поле 02162nam0a2200373 4500
001 - ИДЕНТИФИКАТОР ЗАПИСИ
контрольное поле RU\NLR\b_ik\192326
005 - ИДЕНТИФИКАТОР ВЕРСИИ
контрольное поле 20260408083540.0
010 ## - МЕЖДУНАРОДНЫЙ СТАНДАРТНЫЙ НОМЕР КНИГИ (ISBN)
Номер (ISBN) 978-5-91344-304-5
Тираж 150
035 ## - ДРУГИЕ СИСТЕМНЫЕ НОМЕРА
Идентификатор записи (NLR Aleph) 002264767
100 ## - ДАННЫЕ ОБЩЕЙ ОБРАБОТКИ
Данные общей обработки 20111107d2011 |||y0rusy50 ca
101 0# - ЯЗЫК РЕСУРСА
Язык текста, звукозаписи и т.д. английский
102 ## - СТРАНА ПУБЛИКАЦИИ ИЛИ ПРОИЗВОДСТВА
Страна публикации Российская Федерация
105 ## - ПОЛЕ КОДИРОВАННЫХ ДАННЫХ: ТЕКСТОВЫЕ МАТЕРИАЛЫ, МОНОГРАФИЧЕСКИЕ
Кодированные данные о монографическом текстовом документе ab |||||||||
200 1# - ЗАГЛАВИЕ И СВЕДЕНИЯ ОБ ОТВЕТСТВЕННОСТИ
Основное заглавие Large igneous provinces of Asia: mantle plumes and metallogeny
Сведения, относящиеся к заглавию [International symposium], Irkutsk, Russia, August 20-23, 2011
-- abstract volume
Первые сведения об ответственности [comp.: Dr.sci. Dmitry P. Gladkochub, PhD Tatiana V. Donskaya]
210 ## - ПУБЛИКАЦИЯ, РАСПРОСТРАНЕНИЕ И ДР.
Место издания, распространения и т.д. Irkutsk
Имя издателя, распространителя и т. д. Петрографика
Дата издания, распространения и т.д. 2011
215 ## - ФИЗИЧЕСКАЯ ХАРАКТЕРИСТИКА
Специфическое обозначение материала и объем 315 с.
Другие сведения о физической характеристике ил., карт.
Размеры 21
300 ## - ОБЩИЕ ПРИМЕЧАНИЯ
Текст примечания В вып. дан.: Крупные магматические провинции Азии: мантийные плюмы и металлогения: материалы научного совещания, Иркутск, 20-23 августа 2011 г.
300 ## - ОБЩИЕ ПРИМЕЧАНИЯ
Текст примечания В надзаг.: Russ. acad. of sciences, Siberian branch, Inst. of the Earth's crust
320 ## - ПРИМЕЧАНИЯ О НАЛИЧИИ В ДОКУМЕНТЕ БИБЛИОГРАФИИ / УКАЗАТЕЛЯ
Текст примечания Библиогр. в конце докл.
320 ## - ПРИМЕЧАНИЯ О НАЛИЧИИ В ДОКУМЕНТЕ БИБЛИОГРАФИИ / УКАЗАТЕЛЯ
Текст примечания Указ.: с. 314-315
517 0# - ДРУГИЕ ВАРИАНТЫ ЗАГЛАВИЯ
Вариант заглавия Крупные магматические провинции Азии: мантийные плюмы и металлогения
Сведения, относящиеся к заглавию материалы научного совещания, Иркутск, 20-23 августа 2011 г.
606 1# - НАИМЕНОВАНИЕ ТЕМЫ КАК ПРЕДМЕТ
Наименование темы Плюмы
Формальный подзаголовок Съезды, совещания и т.п.
Географический подзаголовок Азия
Системный номер авторитетной/нормативной записи 2496322
Идентификатор авторитетной/нормативной записи RU\NLR\AUTH\661480846
606 1# - НАИМЕНОВАНИЕ ТЕМЫ КАК ПРЕДМЕТ
Наименование темы Металлогения
Формальный подзаголовок Съезды, совещания и т.п.
Географический подзаголовок Азия
Системный номер авторитетной/нормативной записи 1591307
Идентификатор авторитетной/нормативной записи RU\NLR\AUTH\66699485
686 1# - ИНДЕКСЫ ДРУГИХ КЛАССИФИКАЦИЙ
Индекс Д312.1я431(0)
686 1# - ИНДЕКСЫ ДРУГИХ КЛАССИФИКАЦИЙ
Индекс Д451-09(5)я431(0)
702 #1 - ИМЯ ЛИЦА - ВТОРИЧНАЯ ОТВЕТСТВЕННОСТЬ
Начальный элемент ввода Gladkočub
Часть имени, кроме начального элемента ввода D. P.
Расширение инициалов личного имени Dmitrij Petrovič
Код отношения Составитель
711 12 - НАИМЕНОВАНИЕ ОРГАНИЗАЦИИ - АЛЬТЕРНАТИВНАЯ ОТВЕТСТВЕННОСТЬ
Материалы, к которым относится поле eng
Начальный элемент ввода "Large igneous provinces of Asia, mantle plumes and metallogeny", international symposium
Дата проведения временной организации 2011
Место проведения временной организации Irkutsk
Графика поля Латинская
Идентификатор авторитетной/нормативной записи RU\NLR\AUTH\8810224739
Системный номер авторитетной/нормативной записи 334161
712 02 - НАИМЕНОВАНИЕ ОРГАНИЗАЦИИ - ВТОРИЧНАЯ ОТВЕТСТВЕННОСТЬ
Код отношения Прочие
Материалы, к которым относится поле eng
Начальный элемент ввода Institute of the earth's crust
Идентифицирующий признак Irkutsk
Графика поля Латинская
Идентификатор авторитетной/нормативной записи RU\NLR\AUTH\8810224736
Системный номер авторитетной/нормативной записи 334156
801 #0 - ИСТОЧНИК ЗАПИСИ
Страна Российская Федерация
Организация NLR
Дата составления 20111107
Правила каталогизации RCR
942 ## - ДОПОЛНИТЕЛЬНЫЕ ЭЛЕМЕНТЫ ЗАПИСИ (АБИС)
Тип экземпляра АБИС Книга
980 ## - КОЛЛЕКЦИЯ
Название коллекции Национальная библиография
Экземпляры
Тип экземпляра Дата поступления Источник поступления Библиотека постоянного хранения Библиотека текущего хранения Место хранения Шифр хранения Штрих-код Статус экземпляра Публичное примечание
Книга 07.11.2011 Обязательный экземпляр РНБ (Московский) РНБ (Московский) Иностранный книжный фонд Ик 2011-3/575 1099170   ;